[Event "Central FR-chT"]
[Site "Verkhnedneprovsk"]
[Date "2006.12.03"]
[Round "3"]
[White "Rodin, Dmitrij"]
[Black "Shulepina, Kristina"]
[Result "1-0"]
[WhiteElo "2424"]
[BlackElo "2238"]
[PlyCount "75"]
[EventDate "2006.11.30"]
[EventType "team-tourn"]
[EventRounds "7"]
[EventCountry "RUS"]
[SourceTitle "EXT 2019"]
[Source "ChessBase"]
[SourceDate "2018.10.10"]
[SourceVersion "1"]
[SourceVersionDate "2018.10.10"]
[SourceQuality "1"]

1. e4 c5 2. Nf3 e6 3. d4 cxd4 4. Nxd4 Nc6 5. Nc3 Qc7 6. g3 a6 7. Bg2 Nf6 8. 0-0 d6 9. Re1 Be7 10. Nxc6 bxc6 11. e5 dxe5 12. Rxe5 0-0 13. Bf4 Qb7 14. Re2 Rd8 15. Rd2 Bd7 16. Ne4 Nxe4 17. Bxe4 Be8 18. Be5 f6 19. Bc3 Rxd2 20. Qxd2 Rd8 21. Qe2 Bb4 22. Bxb4 Qxb4 23. c3 Qb5 24. Qc2 Bg6 25. Bxg6 hxg6 26. Re1 Kf7 27. Re4 Qf5 28. Qe2 a5 29. h4 e5 30. Qc4+ Qe6 31. Qxe6+ Kxe6 32. Ra4 Rd2 33. b3 Rd5 34. Kf1 Rc5 35. Ke2 Rxc3 36. Rxa5 f5 37. Ra4 Rc2+ 38. Ke3 1-0